[Event "VIE Cup (Women)"]
[Site "Hanoi"]
[Date "2021.??.??"]
[Round "2"]
[White "Tran, Thi Kim Loan"]
[Black "Sa, Phuong Bang"]
[Result "1-0"]
[WhiteElo "2010"]
[BlackElo "2364"]
[PlyCount "90"]
[EventDate "2021.05.03"]
[EventType "swiss"]
[EventRounds "9"]
[EventCountry "VIE"]
[SourceTitle "EXT 2022"]
[Source "ChessBase"]
[SourceDate "2021.10.06"]
[SourceVersion "1"]
[SourceVersionDate "2021.10.06"]
[SourceQuality "1"]

1. d4 d5 2. c4 e6 3. Nc3 Nf6 4. Bg5 Nbd7 5. e3 c6 6. Nf3 Qa5 7. Nd2 c5 8. Nb3 Qb4 9. a3 Qb6 10. Bxf6 Nxf6 11. dxc5 Bxc5 12. Na4 Bb4+ 13. axb4 Qxb4+ 14. Nd2 dxc4 15. Bxc4 0-0 16. Qb3 Qd6 17. Rd1 b6 18. Nf3 Qe7 19. Nc3 Bb7 20. Be2 Rfd8 21. 0-0 h6 22. Qa4 Qc7 23. h3 Nd7 24. Ne4 Rac8 25. Nd6 Nc5 26. Qf4 Rb8 27. Nxb7 Qxb7 28. Ne5 Rbc8 29. Bf3 Qc7 30. Nc6 Rxd1 31. Rxd1 Qxf4 32. exf4 Rc7 33. b4 Na4 34. Rd8+ Kh7 35. Ra8 a5 36. bxa5 bxa5 37. Rxa5 Nc3 38. Kh2 Rd7 39. Ne5 Rd2 40. Nxf7 Nd5 41. Bxd5 exd5 42. Kg3 Kg6 43. Ne5+ Kf5 44. Kf3 Ke6 45. Ra6+ Kf5 1-0

[Event "VIE-ch (Women)"]
[Site "Bac Giang"]
[Date "2016.06.22"]
[Round "1"]
[White "Doan, Thi Van Anh"]
[Black "Tran, Thi Kim Loan"]
[Result "0-1"]
[WhiteElo "1974"]
[BlackElo "1864"]
[PlyCount "86"]
[EventDate "2016.06.22"]
[EventType "swiss"]
[EventRounds "9"]
[EventCountry "VIE"]
[SourceTitle "EXT 2017"]
[Source "ChessBase"]
[SourceDate "2016.10.25"]
[SourceVersion "1"]
[SourceVersionDate "2016.10.25"]
[SourceQuality "1"]

1. d4 d5 2. c4 e6 3. Nf3 Nf6 4. Bg5 Be7 5. e3 0-0 6. Nc3 c6 7. cxd5 exd5 8. Bd3 Bg4 9. h3 Bh5 10. g4 Bg6 11. Bxf6 Bxf6 12. h4 Nd7 13. Bxg6 fxg6 14. Qd3 Be7 15. Rh3 Bb4 16. g5 Qe7 17. Ke2 Qe6 18. Rah1 Qg4 19. Rg3 Qh5 20. Rhh3 Bd6 21. Rg2 Rae8 22. Nb1 Rf7 23. Nbd2 Bb4 24. a3 Bxd2 25. Qxd2 Nb6 26. Rgg3 Ref8 27. Qb4 Nc8 28. a4 b6 29. Qe1 Nd6 30. Qg1 Nc4 31. b3 Nd6 32. Rg4 Ne4 33. Qg2 c5 34. dxc5 bxc5 35. Rf4 Rxf4 36. exf4 Rxf4 37. Ke3 Rf8 38. Rh1 Nc3 39. Rh3 d4+ 40. Kd2 a5 41. Kc2 Re8 42. Rh1 Nd5 43. Kc1 Nf4 0-1

[Event "VIE-chT (Women)"]
[Site "Ho Chi Minh City"]
[Date "2015.07.18"]
[Round "3.7"]
[White "Tran, Thi Kim Loan"]
[Black "Dao, Thi Lan Anh"]
[Result "0-1"]
[WhiteElo "2010"]
[BlackElo "1833"]
[PlyCount "52"]
[EventDate "2015.07.16"]
[EventType "team-swiss"]
[EventRounds "9"]
[EventCountry "VIE"]
[SourceTitle "EXT 2016"]
[Source "ChessBase"]
[SourceDate "2015.10.08"]
[SourceVersion "1"]
[SourceVersionDate "2015.10.08"]
[SourceQuality "1"]

1. d4 Nf6 2. c4 e6 3. Nc3 d5 4. Bg5 Be7 5. e3 0-0 6. Nf3 b6 7. cxd5 Nxd5 8. Bxe7 Nxe7 9. Bd3 Nd7 10. 0-0 Ng6 11. Rc1 c5 12. Qa4 cxd4 13. exd4 Nf6 14. Ne4 Bb7 15. Neg5 Nf4 16. Ba6 Bxa6 17. Qxa6 h6 18. Nh3 Nxh3+ 19. gxh3 Nd5 20. Kh1 Qf6 21. Qd3 Nf4 22. Qe3 Rad8 23. Ne5 Qf5 24. Rg1 Nxh3 25. Rg2 Qf4 26. Nc6 Nxf2+ 0-1

[Event "VIE-chT (Women)"]
[Site "Hanoi"]
[Date "2012.09.25"]
[Round "7"]
[White "Nguyen, To Tran"]
[Black "Tran, Thi Kim Loan"]
[Result "0-1"]
[WhiteElo "1803"]
[BlackElo "2024"]
[PlyCount "124"]
[EventDate "2012.09.21"]
[EventType "team-tourn"]
[EventRounds "9"]
[EventCountry "VIE"]
[SourceTitle "CBM 150 Extra"]
[Source "ChessBase"]
[SourceDate "2012.10.19"]
[SourceVersion "1"]
[SourceVersionDate "2012.10.19"]
[SourceQuality "1"]

1. d4 Nf6 2. g3 d5 3. Bg2 Bf5 4. c4 c6 5. Nc3 e6 6. Nf3 Be7 7. cxd5 cxd5 8. Bf4 0-0 9. 0-0 Nc6 10. Nh4 Be4 11. f3 Bg6 12. Nxg6 hxg6 13. a3 Qb6 14. b4 Qxd4+ 15. Qxd4 Nxd4 16. e3 Nb3 17. Ra2 a5 18. Rb1 axb4 19. Rxb3 bxc3 20. Rxc3 b6 21. a4 Ra5 22. Bc7 Bc5 23. Rb2 Nd7 24. Bf1 Rc8 25. Bxb6 Nxb6 26. Rxb6 d4 27. Rc1 d3 28. Rxc5 Rcxc5 29. Bxd3 Rxa4 30. Rb8+ Kh7 31. Rb7 Ra2 32. Rb1 Rc3 33. Rd1 Raa3 34. Be4 Rxe3 35. Rd2 f5 36. Bc6 Rac3 37. Bd7 e5 38. f4 exf4 39. gxf4 Rcd3 40. Rxd3 Rxd3 41. Bc6 Rd4 42. Kg2 Rxf4 43. h3 g5 44. Kg3 g6 45. Bd5 Kg7 46. Bb7 Kf6 47. Bc6 Rc4 48. Bf3 Rc3 49. Kf2 Ke5 50. Bg2 Kf4 51. Bd5 Rxh3 52. Bf7 Rh6 53. Kg2 g4 54. Be8 g5 55. Bd7 Rd6 56. Bb5 Rd2+ 57. Kf1 g3 58. Bc6 Ke3 59. Kg1 f4 60. Bb5 f3 61. Bf1 Rd1 62. Kh1 Rxf1# 0-1

[Event "VIE-ch (Women) qual"]
[Site "Hanoi"]
[Date "2009.02.18"]
[Round "5"]
[White "Tran, Thi Kim Loan"]
[Black "Hoang, Thi Nhu Y"]
[Result "1-0"]
[WhiteElo "2134"]
[BlackElo "2123"]
[PlyCount "125"]
[EventDate "2009.02.15"]
[EventType "swiss"]
[EventRounds "9"]
[EventCountry "VIE"]
[SourceTitle "EXT 2012"]
[Source "ChessBase"]
[SourceDate "2011.11.24"]
[SourceVersion "1"]
[SourceVersionDate "2011.11.24"]
[SourceQuality "1"]

1. d4 f5 2. c4 Nf6 3. g3 e6 4. Bg2 d5 5. Nh3 c6 6. 0-0 Bd6 7. Qc2 0-0 8. b3 Qe7 9. Bf4 b6 10. Nd2 Ba6 11. Rfe1 Rd8 12. Bxd6 Qxd6 13. cxd5 cxd5 14. Rac1 Ne8 15. Nf3 Bb7 16. Nf4 Nd7 17. Qd2 Nef6 18. Ng5 Nf8 19. Qe3 Ng4 20. Qd3 Nf6 21. Qe3 Ng4 22. Qd3 Nf6 23. Nf3 Rac8 24. Ne5 N8d7 25. Nxd7 Nxd7 26. Qe3 Kf7 27. Bf3 Nf6 28. Bh5+ Ke7 29. Bf3 Kf7 30. Nd3 Nd7 31. Qg5 Qe7 32. Qf4 Kg8 33. Rc7 g5 34. Qc1 h6 35. Rxb7 Rxc1 36. Rxc1 Qf6 37. Rcc7 Nf8 38. e3 g4 39. Be2 Ng6 40. Rxa7 Qf8 41. Rc6 Rd6 42. Rcc7 Rd8 43. b4 Ra8 44. a4 Rxa7 45. Rxa7 Qb8 46. Ra6 Qb7 47. b5 Nf8 48. Ne5 Qc7 49. Nc6 Nd7 50. Ra8+ Nf8 51. Ra7 Qd6 52. a5 bxa5 53. Rxa5 Nd7 54. Ra8+ Kg7 55. Rd8 Qc7 56. Re8 Kf6 57. Re7 Qd6 58. Rh7 Kg5 59. Kg2 Nb6 60. Ne5 Qb4 61. h4+ gxh3+ 62. Kxh3 Qf8 63. Rf7 1-0

[Event "VIE-ch (Women) qual"]
[Site "Hanoi"]
[Date "2009.02.16"]
[Round "2"]
[White "Tran, Thi Kim Loan"]
[Black "Nguyen, Quynh Anh"]
[Result "1/2-1/2"]
[WhiteElo "2134"]
[BlackElo "2093"]
[PlyCount "78"]
[EventDate "2009.02.15"]
[EventType "swiss"]
[EventRounds "9"]
[EventCountry "VIE"]
[SourceTitle "EXT 2012"]
[Source "ChessBase"]
[SourceDate "2011.11.24"]
[SourceVersion "1"]
[SourceVersionDate "2011.11.24"]
[SourceQuality "1"]

1. d4 d5 2. Nf3 Nf6 3. c4 e6 4. Nc3 Be7 5. Bg5 Nbd7 6. e3 0-0 7. Rc1 c6 8. Bd3 b6 9. 0-0 Bb7 10. cxd5 exd5 11. Qe2 Re8 12. Rfd1 h6 13. Bf4 a6 14. Ne5 c5 15. Qf3 cxd4 16. exd4 Rf8 17. Ne2 Ne8 18. Ng3 Nxe5 19. dxe5 Bg5 20. Nf5 Ra7 21. h4 Bxf4 22. Qxf4 Bc8 23. Nd4 Rc7 24. Nc6 Qd7 25. Nb4 Rxc1 26. Qxc1 Nc7 27. Qc6 Qg4 28. Rb1 Qxb4 29. Qxc7 Qd4 30. Bc2 Be6 31. Bb3 Rc8 32. Qd6 Qxh4 33. Qxb6 Qe4 34. Rd1 Qxe5 35. Qxa6 Qxb2 36. Bxd5 Rd8 37. Bb3 Rxd1+ 38. Bxd1 Qxa2 39. Qxa2 Bxa2 1/2-1/2

[Event "VIE-ch Masters (Women) Gp B"]
[Site "Dong Thap"]
[Date "2008.12.05"]
[Round "4"]
[White "Le, Thi Phuong Lien"]
[Black "Tran, Thi Kim Loan"]
[Result "1-0"]
[WhiteElo "2216"]
[BlackElo "2134"]
[PlyCount "39"]
[EventDate "2008.12.02"]
[EventType "tourn"]
[EventRounds "5"]
[EventCountry "VIE"]
[SourceTitle "EXT 2019"]
[Source "ChessBase"]
[SourceDate "2018.10.10"]
[SourceVersion "1"]
[SourceVersionDate "2018.10.10"]
[SourceQuality "1"]

1. e4 e5 2. Nf3 Nc6 3. d4 exd4 4. Nxd4 Qh4 5. Nb5 Bb4+ 6. c3 Qxe4+ 7. Be2 Ba5 8. 0-0 d6 9. Nd2 Qe7 10. Nc4 Be6 11. b4 Bb6 12. a4 d5 13. a5 dxc4 14. axb6 Rd8 15. Nxc7+ Kf8 16. Nxe6+ fxe6 17. Qc2 axb6 18. b5 Na5 19. Ba3 Rd6 20. Rfd1 1-0

[Event "VIE-ch Masters (Women) Gp B"]
[Site "Dong Thap"]
[Date "2008.12.04"]
[Round "3"]
[White "Tran, Thi Kim Loan"]
[Black "Nguyen, Thi Diem Huong"]
[Result "1-0"]
[WhiteElo "2134"]
[BlackElo "1990"]
[PlyCount "75"]
[EventDate "2008.12.02"]
[EventType "tourn"]
[EventRounds "5"]
[EventCountry "VIE"]
[SourceTitle "EXT 2019"]
[Source "ChessBase"]
[SourceDate "2018.10.10"]
[SourceVersion "1"]
[SourceVersionDate "2018.10.10"]
[SourceQuality "1"]

1. d4 d5 2. c4 e6 3. Nc3 Nf6 4. Bg5 c6 5. e3 Nbd7 6. Nf3 Be7 7. Rc1 0-0 8. Qc2 Re8 9. h3 Qa5 10. Bxf6 Nxf6 11. Bd3 dxc4 12. Bxc4 b5 13. Bd3 Bb7 14. 0-0 g6 15. a3 Rac8 16. Ne5 Qb6 17. f4 Red8 18. b4 Nd5 19. Qf2 f6 20. Nf3 a5 21. Nxd5 cxd5 22. Qb2 axb4 23. axb4 Ra8 24. Rc5 Bc6 25. Rfc1 Bd7 26. Bc2 Bxc5 27. dxc5 Qa6 28. Qxf6 Rf8 29. Qd4 Qa3 30. Rb1 Qa2 31. Bd3 Ra3 32. Ne5 Bc8 33. Rd1 Ba6 34. Ng4 h5 35. Nf6+ Kf7 36. Nd7 Ke8 37. Nxf8 Qb3 38. Bxg6+ 1-0

[Event "VIE-chT Super (Women)"]
[Site "Hanoi"]
[Date "2008.02.29"]
[Round "6"]
[White "Tran, Thi Kim Loan"]
[Black "Nguyen, Thi Thanh An"]
[Result "0-1"]
[WhiteElo "2181"]
[BlackElo "2346"]
[PlyCount "66"]
[EventDate "2008.02.24"]
[EventType "team-tourn"]
[EventRounds "7"]
[EventCountry "VIE"]
[SourceTitle "EXT 2019"]
[Source "ChessBase"]
[SourceDate "2018.10.10"]
[SourceVersion "1"]
[SourceVersionDate "2018.10.10"]
[SourceQuality "1"]

1. d4 g6 2. c4 Bg7 3. e4 Nc6 4. Nf3 e5 5. Bg5 f6 6. Be3 exd4 7. Nxd4 Nge7 8. c5 0-0 9. Bc4+ Kh8 10. 0-0 Nxd4 11. Bxd4 Nc6 12. Bc3 Qe7 13. Qd5 b6 14. cxb6 axb6 15. Rd1 Re8 16. Na3 Rb8 17. Nb5 Qd8 18. Bb3 Ba6 19. Ba4 Ne5 20. Qd2 Re7 21. Rac1 d6 22. Bxe5 Bxb5 23. Bxb5 Rxe5 24. Bc6 Qe7 25. Bd5 c5 26. f3 Rh5 27. Rc2 f5 28. Qf2 fxe4 29. Re2 Re5 30. fxe4 Rh5 31. Kh1 Rf8 32. Qe3 Bd4 33. Rxd4 Rf1+ 0-1

[Event "VIE-ch (Women)"]
[Site "Da Lat"]
[Date "2008.??.??"]
[Round "9"]
[White "Nguyen, Ngan Binh"]
[Black "Tran, Thi Kim Loan"]
[Result "1/2-1/2"]
[WhiteElo "2155"]
[BlackElo "2181"]
[PlyCount "102"]
[EventDate "2008.04.11"]
[EventType "swiss"]
[EventRounds "9"]
[EventCountry "VIE"]
[SourceTitle "EXT 2019"]
[Source "ChessBase"]
[SourceDate "2018.10.10"]
[SourceVersion "1"]
[SourceVersionDate "2018.10.10"]
[SourceQuality "1"]

1. e4 e5 2. Nf3 Nc6 3. Bc4 Bc5 4. c3 Nf6 5. d3 d6 6. Bb3 Ne7 7. 0-0 Ng6 8. d4 exd4 9. cxd4 Bb6 10. h3 0-0 11. Nc3 c6 12. Re1 d5 13. Bg5 h6 14. Bxf6 Qxf6 15. exd5 Nf4 16. Ne4 Qd8 17. dxc6 bxc6 18. Ne5 Qxd4 19. Nxc6 Qxd1 20. Raxd1 Ba6 21. Nb4 Bb7 22. Nd5 Nxd5 23. Bxd5 Bxd5 24. Rxd5 Rfd8 25. Rxd8+ Rxd8 26. Kf1 Ba5 27. Rc1 f5 28. Nc5 Rd2 29. Nb3 Rd5 30. Nxa5 Rxa5 31. a3 Kf7 32. Rc3 Rb5 33. b4 a5 34. bxa5 Rxa5 35. Ke2 Ke6 36. Rd3 g5 37. g4 Ke5 38. Re3+ Kf4 39. Rf3+ Ke4 40. Rb3 Kd5 41. Rd3+ Ke4 42. Re3+ Kf4 43. Rf3+ Ke4 44. Rxf5 Rxa3 45. f3+ Kd4 46. Kf2 Ra6 47. Kg3 Ke3 48. Re5+ Kd4 49. Re8 Rf6 50. Re4+ Kd5 51. Ra4 Rb6 1/2-1/2

[Event "VIE-ch (Women)"]
[Site "Hue"]
[Date "2007.04.11"]
[Round "9"]
[White "Hoang, Thi Bao Tram"]
[Black "Tran, Thi Kim Loan"]
[Result "1-0"]
[WhiteElo "2317"]
[BlackElo "2194"]
[PlyCount "77"]
[EventDate "2007.04.03"]
[EventType "swiss"]
[EventRounds "9"]
[EventCountry "VIE"]
[SourceTitle "EXT 2023"]
[Source "ChessBase"]
[SourceDate "2022.10.05"]
[SourceVersion "1"]
[SourceVersionDate "2022.10.05"]
[SourceQuality "1"]

1. d4 Nf6 2. Nf3 d5 3. c4 dxc4 4. e3 e6 5. Bxc4 c5 6. Nc3 a6 7. Bd3 Nc6 8. 0-0 Be7 9. a3 cxd4 10. exd4 0-0 11. Bc2 b5 12. Qd3 Bb7 13. Bg5 g6 14. Rfe1 b4 15. Na4 bxa3 16. bxa3 Na7 17. Rad1 Rc8 18. Bb3 Nb5 19. Ne5 Bd5 20. Bxd5 Qxd5 21. Nb6 Qa2 22. Nxc8 Rxc8 23. Qf3 Qxa3 24. Re3 Qa4 25. Red3 Kg7 26. Nc6 Rxc6 27. Qxc6 Nd5 28. Bxe7 Nxe7 29. Qe4 Nd5 30. Qe5+ Kg8 31. h4 Nbc3 32. Re1 Qc2 33. Rf3 h5 34. Qb8+ Kg7 35. Rxe6 Qd1+ 36. Kh2 Qxd4 37. Rxf7+ Kxf7 38. Qe8+ Kg7 39. Rxg6+ 1-0